Chatarrín : libro de lectura y trabajo para primer grado /

Guardado en:
Autor Principal: Núñez de Marín, Rosa Ana
Otros Autores: Alice, Luis Alberto, Marín, Carlos Alberto, Williams de Enríquez, María Cecilia.
Formato: Libro
Publicado: Buenos Aires : Ángel Estrada, 1992.
Materias:
Etiquetas: Agregar Etiqueta
Sin Etiquetas, Sea el primero en etiquetar este registro!
LEADER 00970nam a22002655a 4500
001 CEM.cems012496
005 20070419183910.0
008 130507s1992##################000#0#####d
003 CEMS
020 |a 950010363X 
082 0 4 |a 372.41 
100 1 |a Núñez de Marín, Rosa Ana 
245 1 0 |a Chatarrín :  |b libro de lectura y trabajo para primer grado /  |c Rosa Ana Núñez de Marín; luis Alberto Alice ; carlos Alberto Marín ; maría Cecilia Williams de Enríquez. 
260 |a Buenos Aires :  |b Ángel Estrada,  |c 1992. 
300 |a 233 p. 
500 |a Libro de lectura para primer grado con actividades. 
653 |a Biblioteca maría de los Ángeles saggio 
653 |a Educación 
653 |a Educación primaria 
653 |a Lengua-1º egb 
653 |a Lectoescritura. 
700 1 |a Alice, Luis Alberto 
700 1 |a Marín, Carlos Alberto 
700 1 |a Williams de Enríquez, María Cecilia. 
859 |a CEMS  |b BIB. CEMS - 11 de abril  |h 372.41  |i N927  |p 23755.07  |t Ej.1